Retratos de Finlandia : (Registro nro. 6617)
[ vista simple ]
| 000 -LEADER | |
|---|---|
| fixed length control field | 01923nam a22003137a 4500 |
| 003 - CONTROL NUMBER IDENTIFIER | |
| control field | OSt |
| 005 - DATE AND TIME OF LATEST TRANSACTION | |
| control field | 20201005113930.0 |
| 008 - FIXED-LENGTH DATA ELEMENTS--GENERAL INFORMATION | |
| fixed length control field | 200302s2006 serabo|gr|||| 001 0 spa d |
| 020 ## - INTERNATIONAL STANDARD BOOK NUMBER | |
| International Standard Book Number | 9789511209065 |
| 040 ## - CATALOGING SOURCE | |
| Original cataloging agency | CO-JMCR |
| Transcribing agency | CO-JMCR |
| 041 1# - LANGUAGE CODE | |
| Language code of text/sound track or separate title | spa |
| Language code of original | ser |
| 082 04 - DEWEY DECIMAL CLASSIFICATION NUMBER | |
| Classification number | 948.97 / |
| Item number | K812r |
| Edition number | 23 |
| 100 1# - MAIN ENTRY--PERSONAL NAME | |
| Personal name | Kolbe, Laura, |
| Relator term | editora |
| 9 (RLIN) | 1028 |
| 245 10 - TITLE STATEMENT | |
| Title | Retratos de Finlandia : |
| Remainder of title | información e interpretación / |
| Statement of responsibility, etc. | Laura Kolbe, editora en jefe ; traducción, Jaime Potenze |
| 260 ## - PUBLICATION, DISTRIBUTION, ETC. | |
| Place of publication, distribution, etc. | Keuruu : |
| Name of publisher, distributor, etc. | Editorial Otava, |
| Date of publication, distribution, etc. | 2006 |
| 300 ## - PHYSICAL DESCRIPTION | |
| Extent | 167 páginas : |
| Other physical details | ilustraciones, mapas y fotografías a color ; |
| Dimensions | 20 cm. |
| 500 ## - GENERAL NOTE | |
| General note | Incluye índice de personas. |
| 505 0# - FORMATTED CONTENTS NOTE | |
| Title | Historia / |
| Statement of responsibility | Seppo Zetterberg |
| Title | Estilo de vida / |
| Statement of responsibility | Laura Kolbe |
| Title | Economía / |
| Statement of responsibility | Jyrki Vesikansa |
| Title | La educación como innovación / |
| Statement of responsibility | Markku Wilenius |
| Title | Política y sociedad / |
| Statement of responsibility | Jukka Tarkka |
| Title | Naturaleza y población / |
| Statement of responsibility | Allan Titta |
| Title | Finlandia por dentro / |
| Statement of responsibility | Henrik Meinander |
| 520 3# - SUMMARY, ETC. | |
| Summary, etc. | Una guía imprescindible para conocer Finlandia ¿Quién fue Alvar Aalto? ¿Por qué Finlandia es una gran potencia musical? ¿Que significó el sisu finlandés en la guerra del invierno, en la revolución tecnológica, la economía y el deporte? ¿Sabías que Nokia es una empresa finlandesa?. Retrato de Finlandia es una amplia y amena introducción a esta fascinante nación del norte de Europa. Los mejores especialistas de cada materia exponen sus visiones sobre la historia y la sociedad, la ciencia y la cultura, la economía, la naturaleza y el estilo de vida de Finlandia. |
| 546 ## - LANGUAGE NOTE | |
| Language note | Traducido del finés |
| 650 14 - SUBJECT ADDED ENTRY--TOPICAL TERM | |
| Topical term or geographic name entry element | Naturaleza |
| 9 (RLIN) | 1030 |
| Geographic subdivision | Finlandia |
| 650 14 - SUBJECT ADDED ENTRY--TOPICAL TERM | |
| Topical term or geographic name entry element | Economía |
| 9 (RLIN) | 1031 |
| Geographic subdivision | Finlandia |
| 650 14 - SUBJECT ADDED ENTRY--TOPICAL TERM | |
| Topical term or geographic name entry element | Vida social y costumbres |
| 9 (RLIN) | 1033 |
| Geographic subdivision | Finlandia |
| 650 14 - SUBJECT ADDED ENTRY--TOPICAL TERM | |
| Topical term or geographic name entry element | Política y gobierno |
| 9 (RLIN) | 1034 |
| Geographic subdivision | Finlandia |
| 651 #4 - SUBJECT ADDED ENTRY--GEOGRAPHIC NAME | |
| Geographic name | Finlandia |
| General subdivision | historia |
| 9 (RLIN) | 11176 |
| 651 #4 - SUBJECT ADDED ENTRY--GEOGRAPHIC NAME | |
| Geographic name | Finlandia |
| General subdivision | descripción |
| 9 (RLIN) | 11177 |
| 700 1# - ADDED ENTRY--PERSONAL NAME | |
| Personal name | Potenze, Jaime, |
| Relator term | traductor |
| 9 (RLIN) | 1035 |
| 942 ## - ADDED ENTRY ELEMENTS (KOHA) | |
| Source of classification or shelving scheme | Dewey Decimal Classification |
| Koha item type | Books |
| Withdrawn status | Lost status | Source of classification or shelving scheme | Damaged status | Not for loan | Home library | Current library | Shelving location | Date acquired | Source of acquisition | Cost, normal purchase price | Full call number | Barcode | Date last seen | Copy number | Koha item type |
|---|---|---|---|---|---|---|---|---|---|---|---|---|---|---|---|
| Dewey Decimal Classification | Biblioteca Pública José María del Castillo y Rada | Biblioteca Pública José María del Castillo y Rada | Processing Center | 05/20/2018 | Donación | 0.00 | 948.97 / K812r | 430000395 | 05/16/2024 | Ej.1 | Books |